[Event "Tournoi Skype 019B"]
[Site "Skype"]
[Date "????.??.??"]
[Round "5.15"]
[White "Kruk, Clementine"]
[Black "Bouffard, Georges"]
[Result "1-0"]
[WhiteElo "1419"]
[BlackElo "1234"]
[PlyCount "125"]

1. e4 e5 2. Nf3 d6 3. Bc4 Be6 4. d3 h6 5. Nc3 c6 6. Be3 Bxc4 7. dxc4 Qd7 8. h3
Be7 9. Qd2 Bf6 10. O-O Qe6 11. c5 d5 12. exd5 cxd5 13. Qxd5 Nc6 14. Qxe6+ fxe6
15. Rad1 Rd8 16. Rxd8+ Bxd8 17. Rd1 Nge7 18. Nb5 Nd5 19. Nd6+ Kd7 20. Nf7 Rf8
21. N7xe5+ Nxe5 22. Nxe5+ Kc7 23. c4 Nxe3 24. Rd7+ Kc8 25. fxe3 Bf6 26. Ng6 Rd8
27. Rxd8+ Kxd8 28. b4 a6 29. a4 Bc3 30. b5 axb5 31. axb5 Ba5 32. Nf4 e5 33.
Ne6+ Kc8 34. Nxg7 b6 35. c6 Bb4 36. Nf5 h5 37. g4 hxg4 38. hxg4 Bf8 39. g5 Kc7
40. g6 Kd8 41. g7 Bxg7 42. Nxg7 Ke7 43. Nf5+ Kd8 44. Nd6 Kc7 45. Nf7 e4 46. Ng5
Kd6 47. Nxe4+ Kc7 48. c5 bxc5 49. Nxc5 Kb6 50. e4 Kxc5 51. c7 Kxb5 52. c8=Q Ka4
53. Qc6+ Kb4 54. Kf2 Kb3 55. Ke3 Kb4 56. Kd4 Kb3 57. Kd3 Kb2 58. Qc3+ Kb1 59.
Kc4 Ka2 60. Qc2+ Ka1 61. Qh2 Kb1 62. Kb3 Kc1 63. Qc2# 1-0

[Event "Tournoi Skype 019B"]
[Site "Skype"]
[Date "????.??.??"]
[Round "5.16"]
[White "Homme, Jim"]
[Black "Bustos, Ricardo"]
[Result "0-1"]
[WhiteElo "1193"]
[BlackElo "1379"]
[PlyCount "68"]

1. d4 Nf6 2. Nf3 d5 3. Bf4 e6 4. e3 Be7 5. Nbd2 O-O 6. Bg3 c5 7. c3 Nc6 8. Be2
b6 9. Ne5 Nxe5 10. dxe5 Ne4 11. Nxe4 dxe4 12. Qxd8 Rxd8 13. Bf4 Bb7 14. g3 g5
15. Bxg5 Bxg5 16. h4 Bh6 17. g4 Bg7 18. g5 Bxe5 19. Rg1 Kf8 20. f4 exf3 21. Rd1
fxe2 22. Rxd8+ Rxd8 23. Kxe2 Ba6+ 24. Ke1 Kg7 25. h5 Rd3 26. e4 Re3+ 27. Kf2
Rxe4 28. h6+ Kg6 29. Kf3 Rf4+ 30. Ke3 Rh4 31. a3 b5 32. Kf2 Rh2+ 33. Ke3 Rxb2
34. Ke4 Bxc3 0-1

[Event "Tournoi Skype 019B"]
[Site "Skype"]
[Date "????.??.??"]
[Round "5.17"]
[White "Vello, Pablo"]
[Black "Scata, Laura"]
[Result "1-0"]
[WhiteElo "1365"]
[BlackElo "1000"]
[PlyCount "29"]

1. d4 d5 2. Nf3 Nf6 3. Bf4 e6 4. e3 Be7 5. Bd3 Nc6 6. c3 Ne4 7. Qc2 Bd6 8. Bxd6
Qxd6 9. Bxe4 dxe4 10. Qxe4 e5 11. dxe5 Nxe5 12. Nxe5 Be6 13. Nf3 O-O 14. Ng5
Qd1+ 15. Kxd1 1-0

[Event "Tournoi Skype 019B"]
[Site "Skype"]
[Date "????.??.??"]
[Round "5.18"]
[White "Lequeux, Pierre"]
[Black "Riviere, Perrine"]
[Result "0-1"]
[WhiteElo "1181"]
[BlackElo "1323"]
[PlyCount "126"]

1. Nf3 d5 2. d4 Nf6 3. Ne5 Nbd7 4. Nd3 e6 5. Bd2 Be7 6. e3 O-O 7. Be2 Ne4 8.
Bf3 Nxd2 9. Qxd2 Bd6 10. Nc3 c6 11. O-O Re8 12. e4 Nb6 13. e5 Nc4 14. Qf4 Be7
15. b3 Na3 16. Rac1 Bg5 17. Qg4 Bxc1 18. Rxc1 g6 19. Nb1 Nb5 20. c3 Qe7 21. b4
Bd7 22. a4 Nc7 23. Bd1 Kg7 24. Qe2 b6 25. Qb2 f6 26. Nd2 fxe5 27. Nxe5 Rf8 28.
Bf3 b5 29. Ra1 a6 30. a5 Rf6 31. Nb3 Ne8 32. Nc5 Bc8 33. Rf1 Ra7 34. Ng4 Rf4
35. Qc1 Qg5 36. Nd3 Rf5 37. Qe1 Nf6 38. Nxf6 Rxf6 39. Ne5 Rc7 40. Ng4 Rf8 41.
Ne3 Rcf7 42. Be2 h5 43. f4 Rxf4 44. Rxf4 Qxf4 45. Bf3 Kh6 46. Nf1 g5 47. Qe2 g4
48. Qe3 gxf3 49. Qxf4+ Rxf4 50. g3 Re4 51. Kf2 Re2+ 52. Kg1 Kg5 53. h3 f2+ 54.
Kg2 h4 55. gxh4+ Kxh4 56. Kf3 Rc2 57. c4 Rxc4 58. Kxf2 Kxh3 59. Ne3 Rxd4 60.
Nc2 Rd2+ 61. Kg1 Rxc2 62. Kh1 Kg3 63. Kg1 Rc1# 0-1

[Event "Tournoi Skype 019B"]
[Site "Skype"]
[Date "????.??.??"]
[Round "5.19"]
[White "Vervoort, Jean-Louis"]
[Black "Torres, Vicky"]
[Result "*"]
[WhiteElo "1155"]
[BlackElo "1321"]
[PlyCount "44"]

1. d4 Nf6 2. c4 e6 3. Nc3 d5 4. Bg5 Be7 5. e3 O-O 6. Nf3 Nc6 7. Bd3 dxc4 8.
Bxc4 Na5 9. Bb3 c5 10. Qd3 cxd4 11. exd4 b6 12. Bc2 g6 13. O-O Bb7 14. Rac1 a6
15. Bb1 Kg7 16. Ne2 Be4 17. Qd2 Bxb1 18. Rxb1 Nc4 19. Qc1 b5 20. Bh6+ Kh8 21.
Bxf8 Bxf8 22. Qxc4 bxc4 *

[Event "Tournoi Skype 019B"]
[Site "Skype"]
[Date "????.??.??"]
[Round "5.20"]
[White "Ramirez Reina, Orlando"]
[Black "Douichi, Mohammed"]
[Result "*"]
[WhiteElo "1417"]
[BlackElo "1209"]
[PlyCount "117"]

1. e4 e5 2. Nf3 Nc6 3. Bc4 Bc5 4. c3 Nf6 5. d4 Nxe4 6. dxc5 Nxc5 7. O-O d5 8.
Bb5 e4 9. Bxc6+ bxc6 10. Re1 Nd3 11. Re3 O-O 12. Ne1 Nf4 13. g3 Nh3+ 14. Kg2
Qf6 15. Qe2 Ng5 16. Na3 Bh3+ 17. Kh1 c5 18. f4 exf3 19. Nxf3 d4 20. Rd3 Rfe8
21. Bxg5 Qf5 22. Qd2 Qd5 23. Kg1 c6 24. Bf4 Bg4 25. Kf2 Re4 26. c4 Qf5 27. Re1
Rxe1 28. Qxe1 Qxd3 29. Qe2 Qg6 30. Qe5 Bxf3 31. Kxf3 Qd3+ 32. Kf2 Qd2+ 33. Bxd2
d3 34. Qxc5 Re8 35. Be3 f6 36. Qxc6 Kf8 37. Qd6+ Kf7 38. Qxd3 g6 39. Qd5+ Kf8
40. Bh6+ Ke7 41. Qb7+ Ke6 42. Qc6+ Ke7 43. Qe4+ Kd7 44. Qd5+ Ke7 45. Nb5 Rd8
46. Qxd8+ Kxd8 47. Nxa7 Kc7 48. Bg7 f5 49. Nb5+ Kc6 50. b4 h5 51. h4 Kd7 52.
Ke3 Ke6 53. Bd4 Kf7 54. a4 Ke7 55. a5 Kd8 56. a6 Kc8 57. a7 Kb7 58. Bf6 Kb6 59.
a8=Q *

[Event "Tournoi Skype 019B"]
[Site "Skype"]
[Date "????.??.??"]
[Round "5.21"]
[White "Codina, Teresa"]
[Black "Levantini, Claudio"]
[Result "0-1"]
[WhiteElo "1321"]
[BlackElo "1200"]
[PlyCount "50"]

1. e4 Nf6 2. e5 Nd5 3. d4 d6 4. Nf3 Bg4 5. Nbd2 dxe5 6. b3 exd4 7. Bb2 Nc3 8.
Bxc3 dxc3 9. Ne4 e6 10. Qxd8+ Kxd8 11. Nxc3 Bb4 12. O-O-O+ Ke7 13. Kb2 Nc6 14.
Rd3 Bf5 15. Re3 Bc5 16. Re1 Rad8 17. Be2 Bxf2 18. Rd1 Nb4 19. Rxd8 Rxd8 20. Rf1
Be3 21. Nh4 Rd2 22. Nxf5+ exf5 23. Bd1 g6 24. Re1 Nd3+ 25. Ka3 Nxe1 0-1

[Event "Tournoi Skype 019B"]
[Site "Skype"]
[Date "????.??.??"]
[Round "5.22"]
[White "Kumar Keshri, Siddharth"]
[Black "Lecluyse, Koenraad"]
[Result "0-1"]
[WhiteElo "1000"]
[BlackElo "1300"]
[PlyCount "40"]

1. e4 e5 2. Nf3 Nc6 3. Bb5 a6 4. Bxc6 dxc6 5. Nc3 Bg4 6. h3 Bh5 7. a3 Nf6 8. d3
Be7 9. Be3 O-O 10. Qd2 b5 11. Nxe5 Qd6 12. Nf3 Nd7 13. d4 a5 14. O-O Bxf3 15.
gxf3 Qg6+ 16. Kh1 Bh4 17. Ne2 Qh5 18. Nf4 Qxf3+ 19. Kg1 Qxe4 20. Rae1 Nf6 0-1

[Event "Tournoi Skype 019B"]
[Site "Skype"]
[Date "????.??.??"]
[Round "5.25"]
[White "Tekes, Gamze"]
[Black "Farthouat, Catherine"]
[Result "1-0"]
[WhiteElo "1000"]
[BlackElo "1122"]
[PlyCount "117"]

1. e4 c5 2. Na3 a6 3. d3 d6 4. Nf3 Nf6 5. Be2 g6 6. O-O Bg7 7. Nh4 O-O 8. Be3
Nc6 9. c3 Qc7 10. d4 Rb8 11. dxc5 dxc5 12. e5 Qxe5 13. Nc4 Qc7 14. Bxc5 Ne4 15.
Ba3 b5 16. Nd2 Ng5 17. c4 b4 18. Bxb4 Rxb4 19. Rc1 Rxb2 20. a4 Rd8 21. Rc3
Rbxd2 22. Qb1 Rxe2 23. Rg3 Re5 24. f4 Rc5 25. fxg5 Rxc4 26. Nf3 Nd4 27. Rd1 Qc5
28. Qe4 e6 29. Rh3 Nc2+ 30. Rd4 Nxd4 31. Qh4 Ne2+ 32. Kf1 Rc1+ 33. Kxe2 Qc2+
34. Ke3 Qd3+ 35. Kf2 Rf1+ 36. Kg3 f5 37. Qxh7+ Kf7 38. Kh4 Qe4+ 39. Kg3 f4+ 40.
Kg4 Qf5+ 41. Kh4 e5 42. g4 Qe4 43. Nd2 Qg2 44. Nxf1 Qxf1 45. Rc3 Qg2 46. Rc7+
Bd7 47. Ra7 Qg3+ 48. hxg3 e4 49. Rxa6 Be6 50. gxf4 e3 51. Ra7+ Rd7 52. Ra8 Bd5
53. Rb8 Bb7 54. f5 Ke7 55. Qxg7+ Kd6 56. Qf8+ Ke5 57. Qe8+ Kd4 58. Qxd7+ Ke4
59. Rxb7 1-0

[Event "Tournoi Skype 019B"]
[Site "Skype"]
[Date "????.??.??"]
[Round "5.26"]
[White "Martin, Elise"]
[Black "Yilmazer, Seher"]
[Result "1-0"]
[WhiteElo "1070"]
[BlackElo "1000"]
[PlyCount "31"]

1. e4 e5 2. Nf3 d6 3. Nc3 Nf6 4. d3 Be7 5. Be2 O-O 6. O-O Nc6 7. Be3 Nh5 8. d4
exd4 9. Nxd4 Nxd4 10. Bxh5 Ne6 11. Qf3 Bd7 12. e5 Ng5 13. Qf4 dxe5 14. Qxe5 b5
15. Bd4 b4 16. Qxg7# 1-0

[Event "Tournoi Skype 019B"]
[Site "Skype"]
[Date "????.??.??"]
[Round "5.27"]
[White "Bacha, Mehdi"]
[Black "Mimouni, Driss"]
[Result "1-0"]
[WhiteElo "1066"]
[BlackElo "1000"]
[PlyCount "101"]

1. d4 d5 2. e3 e6 3. Bd3 Bb4+ 4. Bd2 Nc6 5. f4 Nf6 6. Nf3 e5 7. Nxe5 Nxe5 8.
fxe5 Ng4 9. Bb5+ c6 10. Bd3 Nxe3 11. Qc1 Qh4+ 12. g3 Qg4 13. Be2 Ng2+ 14. Kd1
Ne3+ 15. Ke1 Ng2+ 16. Kf1 Ne3+ 17. Kf2 Qf5+ 18. Ke1 Ng2+ 19. Kd1 Qe4 20. Bxb4
Qxd4+ 21. Qd2 Ne3+ 22. Ke1 Qxe5 23. Bc3 d4 24. Bxd4 Qg5 25. Bxe3 Qf6 26. Nc3
O-O 27. Bg5 Qe7 28. Bxe7 Re8 29. Qe3 Be6 30. Bg5 f6 31. Bf4 Re7 32. Bd6 Ree8
33. b4 Rad8 34. Rd1 b5 35. a3 Bg4 36. Ne4 Bf5 37. Qb3+ Be6 38. Qe3 f5 39. Bh5
g6 40. Nf6+ Kf7 41. Nxe8 Rxe8 42. Be2 Rd8 43. Rf1 Rxd6 44. Rxd6 Ke7 45. Rxe6+
Kd7 46. Rf4 h5 47. Rd4+ Kc7 48. Qe5+ Kb6 49. Qd6 Kb7 50. Qxc6+ Kb8 51. Re8# 1-0

[Event "Tournoi Skype 019B"]
[Site "Skype"]
[Date "????.??.??"]
[Round "5.28"]
[White "Schnell, Nicolas"]
[Black "Marty, Yvette"]
[Result "0-1"]
[WhiteElo "1000"]
[BlackElo "1000"]
[PlyCount "54"]

1. e3 d5 2. Be2 c6 3. Nc3 Nf6 4. Nf3 Bg4 5. h3 Bh5 6. O-O e6 7. Re1 Be7 8. d3
O-O 9. e4 Bc5 10. exd5 cxd5 11. d4 Bb4 12. a3 Bxc3 13. bxc3 Re8 14. Rb1 b6 15.
Qd3 Nbd7 16. Ng5 g6 17. Bf4 e5 18. dxe5 Nxe5 19. Qe3 Nc4 20. Qd4 Nd6 21. Bxh5
Nxh5 22. Bh2 Qxg5 23. Red1 Nb5 24. Qd2 Re6 25. Qxg5 Rae8 26. Rxb5 Re1+ 27. Rxe1
Rxe1# 0-1

[Event "Tournoi Skype 019B"]
[Site "Skype"]
[Date "????.??.??"]
[Round "6.1"]
[White "Perez Fermin, Jose"]
[Black "Hernandez, George"]
[Result "1-0"]
[WhiteElo "1542"]
[BlackElo "1397"]
[PlyCount "69"]

1. e4 c5 2. Nf3 d6 3. d4 cxd4 4. Nxd4 Nf6 5. Nc3 e5 6. Nb3 Be7 7. f3 O-O 8. Be3
Nc6 9. Qd2 Be6 10. g4 a5 11. g5 Nh5 12. Nd5 Bxd5 13. exd5 Nb4 14. a3 a4 15. Nc1
Na6 16. Nd3 Nc5 17. Nxc5 dxc5 18. O-O-O Qd6 19. Bb5 b6 20. h4 f5 21. gxf6 Bxf6
22. Rdg1 Ng3 23. Rxg3 e4 24. f4 Ra5 25. c4 g6 26. Rg2 Bd4 27. h5 Bxe3 28. Qxe3
Rxf4 29. hxg6 hxg6 30. Qh3 Qf6 31. Qh7+ Kf8 32. Qh6+ Ke7 33. d6+ Kf7 34. Qh7+
Ke6 35. Rxg6 1-0

[Event "Tournoi Skype 019B"]
[Site "Skype"]
[Date "????.??.??"]
[Round "6.2"]
[White "Chavero, Victor"]
[Black "Malbec, Robert"]
[Result "0-1"]
[WhiteElo "1394"]
[BlackElo "1504"]
[PlyCount "76"]

1. d4 d5 2. Nf3 Nf6 3. e3 Bf5 4. Be2 e6 5. O-O Bd6 6. b3 O-O 7. Bb2 c6 8. Nbd2
Qc7 9. Ne5 Bxe5 10. dxe5 Nfd7 11. f4 Qb6 12. Rf3 Nc5 13. Bd4 Nbd7 14. a3 Qd8
15. b4 Ne4 16. Bd3 b6 17. h3 c5 18. bxc5 bxc5 19. Bb2 c4 20. g4 Nxd2 21. Qxd2
Bxd3 22. cxd3 cxd3 23. Qxd3 Nc5 24. Qc2 Ne4 25. f5 Qa5 26. Rd1 Rfc8 27. Qb3 Nd2
28. Rxd2 Qxd2 29. fxe6 fxe6 30. Rf2 Qe1+ 31. Rf1 Qg3+ 32. Kh1 Qxh3+ 33. Kg1
Qxg4+ 34. Kh1 Qh3+ 35. Kg1 Rab8 36. Qa2 Rc2 37. Rf2 Qg3+ 38. Kf1 Qxf2# 0-1

[Event "Tournoi Skype 019B"]
[Site "Skype"]
[Date "????.??.??"]
[Round "6.3"]
[White "Salazar Ticeran, Antonio"]
[Black "Dubois, Real"]
[Result "1-0"]
[WhiteElo "1469"]
[BlackElo "1418"]
[PlyCount "121"]

1. e4 e5 2. Bc4 Be7 3. Nc3 Nf6 4. d3 d6 5. f4 Bg4 6. Nge2 exf4 7. Bxf4 c6 8.
Qd2 h6 9. O-O-O Nbd7 10. h3 Bxe2 11. Nxe2 Ne5 12. g4 Nxc4 13. dxc4 Nxe4 14. Qd4
Nf6 15. Bxd6 Qxd6 16. Qxd6 Bxd6 17. Rxd6 Ne4 18. Rd4 Nf6 19. Re1 Kf8 20. Nf4 g6
21. Rd6 Kg7 22. Re7 Rab8 23. Ne6+ Kg8 24. Nd8 Kf8 25. Rxf7+ Ke8 26. Rfxf6 Rxd8
27. Rfe6+ Kf7 28. Rxg6 Rxd6 29. Rxd6 Ke7 30. c5 h5 31. b4 hxg4 32. hxg4 Rh1+
33. Kd2 Rg1 34. Rd4 Rg2+ 35. Ke3 Rxc2 36. Ke4 Rxa2 37. Kf5 Rf2+ 38. Kg6 Rf6+
39. Kg7 Rf7+ 40. Kg8 b6 41. Re4+ Kf6 42. Rf4+ Kg5 43. Rxf7 Kxg4 44. cxb6 axb6
45. Rf6 c5 46. Rxb6 cxb4 47. Rxb4+ Kf5 48. Kf7 Ke5 49. Rb5+ Kd4 50. Ke6 Kc4 51.
Rd5 Kc3 52. Ke5 Kc4 53. Ke4 Kc3 54. Rd4 Kb3 55. Kd3 Ka3 56. Rc4 Kb2 57. Rc3 Kb1
58. Rc2 Ka1 59. Kc3 Kb1 60. Kb3 Ka1 61. Rc1# 1-0

[Event "Tournoi Skype 019B"]
[Site "Skype"]
[Date "????.??.??"]
[Round "6.4"]
[White "Marino, Giuseppe"]
[Black "Munoz Gonzalez, Martin"]
[Result "0-1"]
[WhiteElo "1349"]
[BlackElo "1420"]
[PlyCount "72"]

1. d4 Nf6 2. e3 g6 3. Bd3 Bg7 4. Nf3 d5 5. O-O O-O 6. b3 Nc6 7. a3 Re8 8. Bb2
Ne4 9. Nbd2 Bf5 10. Bxe4 dxe4 11. Ng5 e5 12. Ngxe4 exd4 13. Ng3 Bc8 14. e4 Be6
15. f4 Bh6 16. f5 Bc8 17. Rf2 Be3 18. Nf3 Qf6 19. Kf1 Bxf2 20. Kxf2 gxf5 21.
Nh5 Qh6 22. Nxd4 Rxe4 23. Nxf5 Bxf5 24. Nf6+ Kf8 25. Nxe4 Bxe4 26. Qg4 Qd2+ 27.
Kf1 Qxc2 28. Qg7+ Ke7 29. Qf6+ Kd7 30. Qxf7+ Kd6 31. Qf6+ Kd7 32. Qf7+ Ne7 33.
Qg7 Rg8 34. Qd4+ Ke8 35. Qf2 Rf8 36. Bf6 Qxf2+ 0-1

[Event "Tournoi Skype 019B"]
[Site "Skype"]
[Date "????.??.??"]
[Round "6.5"]
[White "Perrone, Gabriel Lorenzo"]
[Black "Hernandez Lopez, Joaquin"]
[Result "1-0"]
[WhiteElo "1421"]
[BlackElo "1327"]
[PlyCount "51"]

1. d4 d5 2. c4 e6 3. Nc3 Nf6 4. Bg5 h6 5. Bxf6 Qxf6 6. cxd5 Bb4 7. dxe6 Qxe6 8.
Nf3 Nd7 9. e3 b6 10. Be2 Bb7 11. O-O Bd6 12. Nb5 Qd5 13. Rc1 c6 14. Bc4 Qh5 15.
Nxd6+ Ke7 16. Nxb7 Rab8 17. Ba6 Qd5 18. Qa4 Rbc8 19. Qb4+ c5 20. dxc5 Qxa2 21.
c6+ Nc5 22. Nxc5 Rxc6 23. Qe4+ Re6 24. Nxe6 fxe6 25. Rc7+ Kf6 26. Qe5+ 1-0

[Event "Tournoi Skype 019B"]
[Site "Skype"]
[Date "????.??.??"]
[Round "6.6"]
[White "Khatanhar, Mohit"]
[Black "Bhandari, Dattatrey"]
[Result "1-0"]
[WhiteElo "1398"]
[BlackElo "1232"]
[PlyCount "83"]

1. e4 c5 2. c4 Nc6 3. d3 e6 4. Nc3 a6 5. Nf3 Qc7 6. Be2 b6 7. Be3 Nf6 8. h3 Bb7
9. Qd2 e5 10. b3 Be7 11. Nh2 Nd8 12. O-O Ne6 13. Rae1 Nd4 14. f4 d6 15. f5 b5
16. cxb5 axb5 17. Nd1 d5 18. Nf2 dxe4 19. dxe4 Rd8 20. Qc1 Qc6 21. Nf3 Nxf3+
22. Bxf3 Ba6 23. Kh1 Nd7 24. Ng4 Bh4 25. Bf2 Bxf2 26. Rxf2 h5 27. Nh2 c4 28.
bxc4 Qc5 29. Rc2 b4 30. Rd1 f6 31. Rd5 Qe7 32. c5 Rc8 33. c6 Nb6 34. Rdc5 Bd3
35. Rd2 Qd6 36. Be2 Qd4 37. Bxd3 Na4 38. Rcc2 Qe3 39. c7 Nc5 40. Bb5+ Ke7 41.
Rd7+ Nxd7 42. Qxe3 1-0

[Event "Tournoi Skype 019B"]
[Site "Skype"]
[Date "????.??.??"]
[Round "6.7"]
[White "Vincent, Andre"]
[Black "Diaz, Jose Garcia"]
[Result "1/2-1/2"]
[WhiteElo "1362"]
[BlackElo "1000"]
[PlyCount "75"]

1. Nf3 Nf6 2. g3 g6 3. Bg2 Bg7 4. c3 d5 5. d4 O-O 6. Bf4 Nbd7 7. Nbd2 b6 8. O-O
Rb8 9. Rc1 Nh5 10. e3 Nxf4 11. exf4 Bb7 12. Re1 e6 13. Ne5 Nxe5 14. fxe5 c5 15.
Nf3 cxd4 16. cxd4 Qe7 17. Qd2 Rfc8 18. a3 Qf8 19. b4 Bh6 20. Ng5 Qe7 21. h4
Bxg5 22. Qxg5 Qxg5 23. hxg5 Rxc1 24. Rxc1 Rc8 25. Rxc8+ Bxc8 26. Bf1 Kf8 27.
Bb5 Ke7 28. f4 a6 29. Bd3 Kd7 30. Kf2 Kc6 31. a4 Kb7 32. b5 a5 33. Ke3 Kc7 34.
g4 Kd7 35. f5 Kc7 36. Kf4 Bd7 37. Ke3 Bc8 38. Kd2 1/2-1/2

[Event "Tournoi Skype 019B"]
[Site "Skype"]
[Date "????.??.??"]
[Round "6.8"]
[White "Guillaume, Mickael"]
[Black "Martin, Jean-Claude"]
[Result "0-1"]
[WhiteElo "1180"]
[BlackElo "1464"]
[PlyCount "100"]

1. d4 e5 2. dxe5 Nc6 3. Bf4 Qe7 4. Nf3 Qb4+ 5. Nbd2 Qxf4 6. e3 Qb4 7. b3 Qc3 8.
Be2 Nxe5 9. O-O Nxf3+ 10. Nxf3 Nf6 11. Qd2 Bb4 12. Qxc3 Bxc3 13. Rad1 d5 14.
Rd3 Bb4 15. c3 Bc5 16. Ne5 O-O 17. f4 Bf5 18. Rdd1 Bxe3+ 19. Kh1 Bc2 20. Rde1
Bd2 21. Ra1 Bxc3 22. Rac1 Bxe5 23. fxe5 Nd7 24. Rxc2 c6 25. Rf5 g6 26. Rf2 Nxe5
27. h3 Rfe8 28. a4 Re7 29. b4 Nd7 30. Kh2 a5 31. b5 c5 32. Bf3 Re5 33. Rfd2 d4
34. Bxb7 Rb8 35. Bc6 Nb6 36. Ra2 Rd8 37. Kg3 c4 38. Kf4 Re6 39. Kf3 d3 40. Be4
Rd4 41. Ke3 Rexe4+ 42. Kf2 c3 43. Rd1 c2 44. Rxc2 dxc2 45. Rc1 Rd2+ 46. Kf3
Ree2 47. g4 Rd1 48. Kxe2 Rxc1 49. Kd2 Ra1 50. Kxc2 Rxa4 0-1

[Event "Tournoi Skype 019B"]
[Site "Skype"]
[Date "????.??.??"]
[Round "6.9"]
[White "Riviere, Perrine"]
[Black "Coruble, Didier"]
[Result "0-1"]
[WhiteElo "1323"]
[BlackElo "1479"]
[PlyCount "52"]

1. e4 c5 2. Nf3 Nc6 3. Bc4 e6 4. d4 b6 5. O-O Be7 6. c3 Bb7 7. Re1 Na5 8. Qd3
Nxc4 9. Qxc4 a6 10. Bf4 d5 11. exd5 Bxd5 12. Qd3 c4 13. Qe3 h6 14. Nbd2 Nf6 15.
b3 Ng4 16. Qe2 g5 17. Be5 Nxe5 18. Nxe5 O-O 19. bxc4 Bb7 20. Ng4 Kg7 21. h3 f5
22. Nh2 Rf6 23. g4 b5 24. gxf5 bxc4 25. Nxc4 Qd5 26. fxe6 Qh1# 0-1

[Event "Tournoi Skype 019B"]
[Site "Skype"]
[Date "????.??.??"]
[Round "6.10"]
[White "Battaglia, Gabriele"]
[Black "De Coninck, Philippe"]
[Result "0-1"]
[WhiteElo "1288"]
[BlackElo "1426"]
[PlyCount "84"]

1. e4 e5 2. Nf3 Nf6 3. Nxe5 d6 4. Nf3 Nxe4 5. Qe2 Qe7 6. d3 Nf6 7. Qxe7+ Bxe7
8. Bg5 O-O 9. d4 Nc6 10. Bb5 Nb4 11. Na3 Bf5 12. c3 Nd3+ 13. Bxd3 Bxd3 14. Rd1
Ba6 15. c4 d5 16. cxd5 Nxd5 17. Bxe7 Nxe7 18. b3 Rfe8 19. Nc2 Nd5+ 20. Ne3 Nxe3
21. fxe3 Rxe3+ 22. Kf2 Re2+ 23. Kg3 Rxa2 24. Rd2 Rxd2 25. Nxd2 Rd8 26. Nf3 Be2
27. Re1 Bxf3 28. Kxf3 f5 29. Rd1 Rd5 30. Ke3 Kf7 31. Rc1 c6 32. Rc3 Kf6 33. g3
Kg5 34. Rd3 Kg4 35. Kf2 g5 36. Kg2 c5 37. h3+ Kh5 38. Kf3 Rxd4 39. Rxd4 cxd4
40. Ke2 f4 41. Kf3 d3 42. Kf2 fxg3+ 0-1

[Event "Tournoi Skype 019B"]
[Site "Skype"]
[Date "????.??.??"]
[Round "6.11"]
[White "Kruk, Clementine"]
[Black "Milanese, Serge"]
[Result "0-1"]
[WhiteElo "1419"]
[BlackElo "1314"]
[PlyCount "116"]

1. e4 e5 2. Nf3 Nc6 3. Bc4 d6 4. d3 h6 5. Nc3 Be6 6. Bb3 Nd4 7. Nxd4 Bxb3 8.
Nxb3 Nf6 9. d4 c6 10. d5 a6 11. a4 a5 12. O-O Be7 13. Re1 Nh7 14. Ne2 Bg5 15.
Ng3 Bxc1 16. Qxc1 g6 17. Qxh6 Qg5 18. Qxg5 Nxg5 19. h3 Rh4 20. f3 Kd7 21. c4 c5
22. Nd2 Rah8 23. Rf1 Nxh3+ 24. gxh3 Rxh3 25. Kg2 Rh2+ 26. Kg1 Rxd2 27. Rf2 Rxf2
28. Kxf2 Rh2+ 29. Ke3 Rxb2 30. Ra3 Rg2 31. Ne2 Kc7 32. f4 f6 33. Kf3 Rh2 34.
Ra2 exf4 35. Nc3 Rh3+ 36. Kxf4 Rxc3 37. Rg2 g5+ 38. Kf5 Rf3+ 39. Ke6 Rf4 40.
Re2 g4 41. Kf7 g3 42. Rg2 Rxe4 43. Rxg3 Rxc4 44. Kxf6 Rxa4 45. Rg7+ Kd8 46.
Rxb7 c4 47. Rb1 c3 48. Ke6 Kc7 49. Rc1 Rc4 50. Ke7 c2 51. Ke6 a4 52. Ke7 a3 53.
Ke6 a2 54. Ra1 c1=Q 55. Rxa2 Qe3+ 56. Kf5 Rf4+ 57. Kg5 Qg3+ 58. Kh5 Rh4# 0-1

[Event "Tournoi Skype 019B"]
[Site "Skype"]
[Date "????.??.??"]
[Round "6.12"]
[White "Bustos, Ricardo"]
[Black "Moumtaz, Abderrahim"]
[Result "1-0"]
[WhiteElo "1379"]
[BlackElo "1221"]
[PlyCount "107"]

1. c4 e5 2. Nc3 Nf6 3. d3 d6 4. Nf3 Nc6 5. e3 Be7 6. Be2 O-O 7. O-O Bf5 8. e4
Bg6 9. Nd5 Re8 10. Nxe7+ Qxe7 11. Bg5 h6 12. Bxf6 Qxf6 13. a3 a6 14. b4 b5 15.
Qb3 Nd4 16. Nxd4 exd4 17. Bf3 Rac8 18. a4 Qe6 19. axb5 axb5 20. h3 c6 21. Bg4
Bf5 22. exf5 Qf6 23. Rfe1 Re7 24. Rxe7 Qxe7 25. Qb2 Qe5 26. f6 Re8 27. fxg7
Kxg7 28. Qd2 Qf6 29. Bd7 Rb8 30. Bxc6 bxc4 31. dxc4 Rxb4 32. Qxb4 d3 33. Bf3
Qd4 34. Kf1 Qxa1+ 35. Qe1 Qf6 36. Qe4 d2 37. Qg4+ Qg5 38. Qxg5+ hxg5 39. Bd1 f5
40. Ke2 Kf6 41. Kxd2 f4 42. Kc3 Ke5 43. Kd3 Ke6 44. Ke4 Kf6 45. Kd5 Ke7 46. Ke4
Ke6 47. Bb3 Kf6 48. Kd5 Ke7 49. Kc6 Ke6 50. c5+ d5 51. Bxd5+ Ke5 52. Kd7 Kxd5
53. c6 Kc5 54. c7 1-0

[Event "Tournoi Skype 019B"]
[Site "Skype"]
[Date "????.??.??"]
[Round "6.13"]
[White "Torres, Vicky"]
[Black "Vello, Pablo"]
[Result "1-0"]
[WhiteElo "1321"]
[BlackElo "1365"]
[PlyCount "111"]

1. e4 c5 2. Nf3 e6 3. d4 cxd4 4. Nxd4 a6 5. Nc3 Bb4 6. Bd2 Qc7 7. Nde2 Nf6 8.
e5 Qxe5 9. g3 Nc6 10. Bg2 O-O 11. O-O Qh5 12. Nf4 Qxd1 13. Raxd1 b5 14. a3 Bxc3
15. Bxc3 Ne8 16. Nh5 f6 17. Nf4 Rb8 18. Bxc6 dxc6 19. Rd8 Kf7 20. Nd3 Ke7 21.
Ba5 Rf7 22. Nc5 f5 23. Nxa6 Ra8 24. Nc5 Rxa5 25. Rxc8 b4 26. Rxc6 Rf6 27. axb4
Ra7 28. Kg2 Nc7 29. Rd1 Nb5 30. c4 Nc7 31. Rd7+ Kf8 32. Rd8+ Ke7 33. Rcd6 Rg6
34. R6d7+ Kf6 35. Rf8+ Kg5 36. f4+ Kg4 37. h3+ Kh5 38. Rff7 Kh6 39. Rxc7 Ra2
40. Nd3 Ra6 41. b5 Rd6 42. Rfd7 e5 43. Nxe5 Rxd7 44. Rxd7 Re6 45. Rf7 g6 46.
Kf3 Rd6 47. c5 Rd2 48. c6 Rxb2 49. c7 Rb3+ 50. Ke2 Rb2+ 51. Kd3 Rxb5 52. c8=Q
Rd5+ 53. Ke3 Ra5 54. Rf8 Ra3+ 55. Nd3 Ra1 56. Rh8 1-0

[Event "Tournoi Skype 019B"]
[Site "Skype"]
[Date "????.??.??"]
[Round "6.14"]
[White "Briere, Jean"]
[Black "Ramirez Reina, Orlando"]
[Result "0-1"]
[WhiteElo "1529"]
[BlackElo "1417"]
[PlyCount "64"]

1. d4 Nf6 2. Nc3 d5 3. Nf3 c5 4. Bf4 a6 5. e3 Bg4 6. Be2 Bxf3 7. Bxf3 e6 8. O-O
Nc6 9. Re1 Be7 10. a3 cxd4 11. exd4 O-O 12. h3 Qb6 13. Na4 Qxd4 14. Qxd4 Nxd4
15. Rac1 Nxf3+ 16. gxf3 Nd7 17. Kh1 Bf6 18. Rcd1 b5 19. Nc3 Bxc3 20. bxc3 Rac8
21. Rd3 Rc4 22. Bc1 Rfc8 23. Bb2 Nc5 24. Rd4 Na4 25. Rxc4 Rxc4 26. Ba1 Nxc3 27.
Rg1 d4 28. Rg4 e5 29. Kg1 Ne2+ 30. Kf1 Nf4 31. h4 Rxc2 32. Rxf4 Rc1+ 0-1

[Event "Tournoi Skype 019B"]
[Site "Skype"]
[Date "????.??.??"]
[Round "6.15"]
[White "Levantini, Claudio"]
[Black "Mordaa, Ahmad"]
[Result "0-1"]
[WhiteElo "1200"]
[BlackElo "1471"]
[PlyCount "24"]

1. e4 e5 2. Bc4 Nf6 3. d3 Bc5 4. Nf3 Ng4 5. d4 exd4 6. Nxd4 d6 7. h3 Ne5 8.
Bb5+ c6 9. Ba4 Qa5+ 10. Nc3 Bb4 11. Bb3 Bxc3+ 12. bxc3 Qxc3+ 0-1

[Event "Tournoi Skype 019B"]
[Site "Skype"]
[Date "????.??.??"]
[Round "6.16"]
[White "Gerbaux, Regis"]
[Black "Porcabeuf, Jean-Marc"]
[Result "1-0"]
[WhiteElo "1435"]
[BlackElo "1359"]
[PlyCount "115"]

1. e4 e5 2. Nf3 d6 3. d4 exd4 4. Nxd4 Nf6 5. Nc3 Be6 6. f4 Be7 7. Bd3 O-O 8.
O-O c5 9. Nf3 Nc6 10. b3 Nb4 11. Be2 Rc8 12. a3 Nc6 13. e5 dxe5 14. fxe5 Qxd1
15. Rxd1 Ng4 16. h3 Ngxe5 17. Nxe5 Nxe5 18. Bb2 c4 19. Ne4 c3 20. Bxc3 Bf6 21.
Nxf6+ gxf6 22. Bxe5 fxe5 23. c4 Kh8 24. Rac1 Rg8 25. Rc3 e4 26. Rd4 Rc5 27. Kh2
Rcg5 28. g4 h5 29. Rxe4 hxg4 30. Bxg4 f5 31. Rxe6 fxg4 32. Rh6+ Kg7 33. Rh4 g3+
34. Rxg3 Rxg3 35. Kxg3 Kf8+ 36. Kf4 Ke7 37. Rh7+ Kf6 38. Rxb7 Ra8 39. c5 a5 40.
c6 a4 41. c7 axb3 42. Rxb3 Rc8 43. Rb7 Ke7 44. h4 Kd7 45. h5 Rh8 46. Rb8 Rc8
47. Rxc8 Kxc8 48. Kf5 Kxc7 49. Kf6 Kd7 50. Kf7 Kc6 51. h6 Kb5 52. h7 Ka4 53.
h8=Q Kxa3 54. Qb8 Ka4 55. Ke6 Ka5 56. Kd5 Ka4 57. Kc4 Ka3 58. Qb3# 1-0